Sarasvati (Record no. 214686)

MARC details
000 -LEADER
fixed length control field 00592nam a2200217Ia 4500
003 - CONTROL NUMBER IDENTIFIER
control field OSt
005 - DATE AND TIME OF LATEST TRANSACTION
control field 20250920100514.0
008 - FIXED-LENGTH DATA ELEMENTS--GENERAL INFORMATION
fixed length control field 210719s9999 xx 000 0 und d
040 ## - CATALOGING SOURCE
Transcribing agency AL
041 ## - LANGUAGE CODE
Language code of text/sound track or separate title Tulu
082 ## - DEWEY DECIMAL CLASSIFICATION NUMBER
Classification number T894.2 SANS
100 ## - MAIN ENTRY--PERSONAL NAME
Personal name SANJIVA DANDEKERI (P)
Dates associated with a name ಸಂಜೀವ ದಂಡೆಕೇರಿ.
9 (RLIN) 239841
245 ## - TITLE STATEMENT
Title Sarasvati
Remainder of title ಸರಸ್ವತಿ
260 ## - PUBLICATION, DISTRIBUTION, ETC.
Place of publication, distribution, etc. Kasaragod
Name of publisher, distributor, etc. Navarang
300 ## - PHYSICAL DESCRIPTION
Extent 64
Other physical details PB
365 ## - TRADE PRICE
Price amount 30
Currency code Rs
650 ## - SUBJECT ADDED ENTRY--TOPICAL TERM
Topical term or geographic name entry element Tulu Drama
9 (RLIN) 239842
650 ## - SUBJECT ADDED ENTRY--TOPICAL TERM
Topical term or geographic name entry element Tulu Drama
9 (RLIN) 239842
906 ## - LOCAL DATA ELEMENT F, LDF (RLIN)
a nataka ; samajika ; Saraswati ; Tulu
942 ## - ADDED ENTRY ELEMENTS (KOHA)
Source of classification or shelving scheme Dewey Decimal Classification
Koha item type Book
Holdings
Withdrawn status Lost status Source of classification or shelving scheme Damaged status Not for loan Collection code Home library Current library Shelving location Date acquired Cost, normal purchase price Total Checkouts Full call number Barcode Date last seen Date last checked out Price effective from Koha item type Public note
    Dewey Decimal Classification     Tulu St Aloysius Library St Aloysius Library Secondary stack section 05/28/2008 30.00 1 T894.2 SANS D03300 10/13/2025 09/13/2025 07/19/2021 Donated Books Donated by Dr Mahalinga Bhat